=LDR 00000nam 2200000 4500 =001 INLIS000000000040251 =005 20130612145824 =008 ***********************************Ind** =035 ##$$0010-061300000040251 =041 ##$$a Ind =082 ##$$a 028.5 =090 ##$$a 028.5, Arl s =100 ##$$a Arleen A =245 ##$$a The story of many colours, Sesisir pisang kuning ( a bunch of yellow bananas ), Arleen A =260 ##$$a 2006 $b Jakarta =300 ##$$a 23 hlm, ilus, 19 cm =650 ##$$a Bacaan untuk anak =850 ##$$a NBPNMAT =990 ##$$a 83898389 =990 ##$$a 21002662